Everything you need to score high on the TOEFL : Tests of English as a foreign language with the latest information on the new computer-based TOEFL

Nội dung gồm những hướng dẫn thi và các bài tập kiểm tra nghe, nói, đọc, viết trình TOEFL.

Đã lưu trong:
Bibliografiske detaljer
Hovedforfatter: Sullivan, Patricia Nobel
Format: Bog
Sprog:Undetermined
Udgivet: Thành phố Hồ Chí Minh Trẻ 2000
Fag:
Tags: Tilføj Tag
Ingen Tags, Vær først til at tagge denne postø!
Thư viện lưu trữ: Trung tâm Học liệu Trường Đại học Cần Thơ
LEADER 01164nam a2200241Ia 4500
001 CTU_159477
008 210402s9999 xx 000 0 und d
020 |c 38000 
082 |a 428.0076 
082 |b S949 
100 |a Sullivan, Patricia Nobel 
245 0 |a Everything you need to score high on the TOEFL : 
245 0 |b Tests of English as a foreign language with the latest information on the new computer-based TOEFL 
245 0 |c Patricia Nobel Sullivan, Grace Yi Qiu Zhong, Gail Abel Brenner ; Nguyễn Văn Phước, First News ( biên dịch ) 
260 |a Thành phố Hồ Chí Minh 
260 |b Trẻ 
260 |c 2000 
520 |a Nội dung gồm những hướng dẫn thi và các bài tập kiểm tra nghe, nói, đọc, viết trình TOEFL. 
650 |a English language,Test of english as a foreign language,Anh ngữ 
650 |x Textbooks for foreign speakers,Study guides,Sách dùng cho người nước ngoài 
904 |i QHieu 
910 |a Mai chuyển số PL từ 428.24 thành 428.0076 chưa in nhãn 
980 |a Trung tâm Học liệu Trường Đại học Cần Thơ